The Corinthian. (Record no. 232560)

000 -LEADER
fixed length control field 00609cam a2200193u 4500
001 - CONTROL NUMBER
control field 9722876
003 - CONTROL NUMBER IDENTIFIER
control field Nust
005 - DATE AND TIME OF LATEST TRANSACTION
control field 20170221085626.0
008 - FIXED-LENGTH DATA ELEMENTS--GENERAL INFORMATION
fixed length control field 820301s1940 enk 000 0 eng
010 ## - LIBRARY OF CONGRESS CONTROL NUMBER
LC control number 41003983
020 ## - INTERNATIONAL STANDARD BOOK NUMBER
International Standard Book Number 9780099468080
040 ## - CATALOGING SOURCE
Original cataloging agency DLC
Transcribing agency CarP
Modifying agency DLC
050 00 - LIBRARY OF CONGRESS CALL NUMBER
Classification number PZ3.H514
Item number Cor
Classification number PR6015.E795
082 ## - DEWEY DECIMAL CLASSIFICATION NUMBER
Classification number 823.912
Author Mark HEY
100 1# - MAIN ENTRY--PERSONAL NAME
Personal name Heyer, Georgette,
Dates associated with a name 1902-1974.
245 14 - TITLE STATEMENT
Title The Corinthian.
260 ## - PUBLICATION, DISTRIBUTION, ETC.
Place of publication, distribution, etc. London,
-- Toronto,
Name of publisher, distributor, etc. W. Heinemann ltd.
Date of publication, distribution, etc. 1940
300 ## - PHYSICAL DESCRIPTION
Extent 233 p.
Dimensions 20 cm.
655 #7 - INDEX TERM--GENRE/FORM
Genre/form data or focus term Regency fiction.
Source of term gsafd
906 ## - LOCAL DATA ELEMENT F, LDF (RLIN)
a 0
b cbc
c premunv
d u
e ncip
f 19
g y-gencatlg
942 ## - ADDED ENTRY ELEMENTS (KOHA)
Source of classification or shelving scheme
Koha item type Book
Holdings
Withdrawn status Lost status Source of classification or shelving scheme Damaged status Not for loan Collection code Permanent Location Current Location Shelving location Date acquired Total Checkouts Full call number Barcode Date last seen Date last checked out Copy number Price effective from Koha item type
            Central Library (CL) Central Library (CL) Fiction 02/21/2017 1 823.912 HEY CL353 03/13/2023 10/04/2019 1 02/21/2017 Book
© 2023 Central Library, National University of Sciences and Technology. All Rights Reserved.